LEADER 00955nas a2200241 i 4500 001 000000157022 003 CaOOAMICUS 005 20070724000000.0 008 061211b2006 it uu u0 0mul r 013 $a134377 020 $a88-7096-457-4 040 $aSeMil$bita 245 10$a2006 : 1. 260 $aLucca :$bLibreria Musicale Italiana,$c2006. 300 $a208 p. :$bnotazione musicale, tabelle ;$c24 cm. 773 0 $tRivista internazionale di musica sacra.$dMilano : NED, copyr. 1980.$x0394-6282$w()2865 774 0 $t[vedi periodico].$w()265562 850 $aSeMil 852 $aSeMil$W1$xVenegono$y1$m190 5 18$j108754$B108754$CSeMilBibl$Z2$F125392 $85 961 $aAbbonamento: LIM, Libreria Editrice Musicale Editrice 996 $6020$a88-7096-457-4$9(OLS)http://semarc/number/147267 996 $6245$a2006 : 1$9(OLS)http://semarc/title/222601 996 $6260$aLucca :$bLibreria Musicale Italiana$9(OLS)http://semarc/publisher/34812 LEADER 00679nam a2200181 i 4500 001 000000210974 003 CaOOAMICUS 005 20120215000000.0 008 120215s1938 it u000 u ita u 013 $a189787 040 $aSeMil$bita 245 10$a2. 300 $a281 p. 773 0 $aGregorovius, Ferdinand <1821-1891>$tStoria della cittą di Roma nel Medio Evo.$bNuova ed. integrale / per cura di Luigi Trompeo, Franco Caburi.$dCittą di Castello : Unione Arti Grafiche, 1938-1944.$w()26293 850 $aSeMil 852 $aSeMil$W1$xVenegono$y1$m3S II 226$j161421$B161421$CSeMilBibl$Z2$F172561 $81 961 $aRecupero: Altro 996 $6245$a2$9(OLS)http://semarc/title/46889